• 首页
  • 本馆介绍
  • 公告通知
  • 最新文献
  • 馆藏检索
  • 电子资源
  • 读者导购
  • 参考咨询
  • 我的图书馆
  • 登录
  • 详细信息显示
  • 放入我的书架
  • 预约/预借图书
  • 作者相关作品
  • 分类相关作品
  • 丛书相关作品
  • 出版社相关作品

书目信息

  • 表格格式
  • 工作单格式
  • 卡片格式
题名:
文学史写作中的现代性问题
    
 
作者: 李杨 著
分册:  
出版信息: 太原   山西教育出版社  2006
页数: 373页
开本: 22cm
丛书名: 文学史专题课系列
单 册:
中图分类: I209 , I109
科图分类:
主题词: 文学史--研究--中国 , 文学史 , 文学--世界
电子资源:
ISBN: 7-5440-3002-4
000 00792oam2 2200265 450
005 20070606203632.60
010    @a7-5440-3002-4@dCNY23.00
100    @a20060104d2006 em y0chiy0110 ea
101 0  @achi
102    @aCN@b140000
105    @ay z 000yy
200 1  @a文学史写作中的现代性问题@Awen xue shi xie zuo zhong de xian dai xing wen ti@f李杨著
210    @a太原@c山西教育出版社@d2006
215    @a373页@d22cm
225 2  @a文学史专题课系列
330    @a本书运用近年来新兴的批判理论探讨了文学史写作及文学研究的一系列相关问题。
461  0 @12001 @a文学史专题课系列
606 0  @a文学史@x研究@y中国
606 0  @a文学史
606 0  @a文学@x世界
690    @aI209@v4
690    @aI109@v3
701  0 @a李杨@Ali yang@4著
801  0 @aCN@bNLC@c20070606
905    @a10447@dI109@e85
    
    文学史写作中的现代性问题/李杨著.-太原:山西教育出版社,2006
    373页;22cm.-(文学史专题课系列)
    
    
    ISBN 7-5440-3002-4:CNY23.00
    本书运用近年来新兴的批判理论探讨了文学史写作及文学研究的一系列相关问题。
●
相关链接 在E读中查询图书 在五车中查询图书 在当当中查询图书 在豆瓣中查询图书


正题名:文学史写作中的现代性问题     索取号:I109/85         预约/预借

序号 登录号 条形码 馆藏地/架位号 状态 备注
1 0527157   205271579   第一样本阅览室/ [索取号:I109/85] 在馆    
2 0527158   205271588   第二借阅区/ [索取号:I109/85] 在馆    
3 0527159   205271597   第二借阅区/ [索取号:I109/85] 在馆    
4 0527160   205271604   第二借阅区/ [索取号:I109/85] 在馆    
唐山师范学院图书馆 欢迎您!
大连网信软件有限公司© 版权所有